UM Logo

Non-parametric regression for hypothesis testing in hospitality and tourism research / (Record no. 17474)

MARC details
000 -LEADER
fixed length control field 00764nam a22001937a 4500
005 - DATE AND TIME OF LATEST TRANSACTION
control field 20250511062518.0
008 - FIXED-LENGTH DATA ELEMENTS--GENERAL INFORMATION
fixed length control field 221024b ||||| |||| 00| 0 eng d
082 ## - DEWEY DECIMAL CLASSIFICATION NUMBER
Edition number DPer 910.46 T156 2019 v76PA-76PB
100 ## - MAIN ENTRY--PERSONAL NAME
Personal name Assaf, A. George.
Relator term author.
9 (RLIN) 46491
245 ## - TITLE STATEMENT
Title Non-parametric regression for hypothesis testing in hospitality and tourism research /
Statement of responsibility, etc. A. George Assaf and Mike Tsionas.
260 ## - PUBLICATION, DISTRIBUTION, ETC. (IMPRINT)
Place of publication, distribution, etc. Amsterdam :
Name of publisher, distributor, etc. Elsevier,
Date of publication, distribution, etc. ©January 2019.
300 ## - PHYSICAL DESCRIPTION
Extent volume 76PA : pages 43-47 ;
Other physical details illustration.
500 ## - GENERAL NOTE
General note International Journal of Hospitality Management. v 76PA : pages 43-47. Jan 2019.
650 ## - SUBJECT ADDED ENTRY--TOPICAL TERM
Source of heading or term Operation research.
650 ## - SUBJECT ADDED ENTRY--TOPICAL TERM
Source of heading or term Tourist trade.
650 ## - SUBJECT ADDED ENTRY--TOPICAL TERM
Source of heading or term Hospitality industry.
700 ## - ADDED ENTRY--PERSONAL NAME
Personal name Tsionas, Mike.
Relator term author.
9 (RLIN) 46492
942 ## - ADDED ENTRY ELEMENTS (KOHA)
Source of classification or shelving scheme Dewey Decimal Classification
Koha item type Periodicals
Holdings
Withdrawn status Lost status Source of classification or shelving scheme Damaged status Not for loan Collection code Home library Current library Date acquired Total Checkouts Full call number Date last seen Price effective from Koha item type Public note
    Dewey Decimal Classification     Periodicals UM Digos College - LIC UM Digos College - LIC 10/24/2022   DPer 910.46 Jan 2019 vol. 76PA - 76PB 10/24/2022 10/24/2022 Periodicals Periodical articles